Najlepsi zawodnicy Majorów CS:GO - Statystyki

Ogólne statystyki
  • Ten quiz został rozwiązany 100 razy
  • Średni wynik to 15 z 20
Statystyki odpowiedzi
Rok Zespół Gracz % Poprawnych
2014 Virtus.pro pashaBiceps
94%
2023 Vitality ZywOo
94%
2021 Natus Vincere s1mple
93%
2019 Astralis device
91%
2018 Astralis device
91%
2024 Natus Vincere jL
85%
2019 Astralis Magisk
80%
2015 Fnatic olofmeister
80%
2022 FaZe Clan rain
80%
2015 Fnatic flusha
78%
2013 Fnatic JW
76%
2015 EnVyUs kennyS
76%
2016 SK Gaming coldzera
73%
2016 Luminosity coldzera
73%
2022 Outsiders Jame
71%
2014 LDLC Happy
50%
2017 Gambit AdreN
46%
2017 Astralis Kjaerbye
46%
2018 Cloud9 tarik
46%
2014 Ninjas in Pyjamas friberg
44%
Nie znaleziono quizów pasujących do podanych kryteriów
Rozkład punktacji
Procent ludzi z każdym wynikiem
Percentyl według liczby udzielonych odpowiedzi
Twoja historia wyników
Nie rozwiązałeś tego quizu